[Event "Schleswig Holstein-ch Seniors"]
[Site "Leck"]
[Date "2014.04.18"]
[Round "9"]
[White "Priss, Klaus Peter"]
[Black "Brodowski, Dirk Wilhelm"]
[Result "1/2-1/2"]
[WhiteElo "1660"]
[BlackElo "1792"]
[PlyCount "81"]
[EventDate "2014.04.12"]
[EventType "swiss"]
[EventRounds "9"]
[EventCountry "GER"]
[SourceTitle "EXT 2018"]
[Source "ChessBase"]
[SourceDate "2017.10.13"]
[SourceVersion "1"]
[SourceVersionDate "2017.10.13"]
[SourceQuality "1"]

1. e4 c6 2. Bc4 d5 3. exd5 cxd5 4. Bb3 Nf6 5. h3 Nc6 6. c3 e5 7. Ne2 Bd6 8. 0-0 Qc7 9. d3 Be6 10. Kh1 0-0-0 11. Nd2 h6 12. a4 Nh5 13. Ng1 g6 14. Bc2 f5 15. b4 d4 16. b5 Na5 17. c4 b6 18. Ndf3 Rhe8 19. Bxh6 f4 20. Re1 Rd7 21. Ng5 Bf5 22. N5f3 Rh7 23. Bg5 Nb7 24. Nxd4 Bd7 25. Ndf3 Ng7 26. Nh4 Ne6 27. Nhf3 Rh5 28. Bf6 Rf8 29. Bh4 Bb4 30. g4 fxg3 31. Bxg3 Bxe1 32. Qxe1 Nf4 33. h4 Bg4 34. Ng5 Qd6 35. N1f3 Bxf3+ 36. Nxf3 Qe6 37. Qf1 Rd8 38. Re1 Rdh8 39. Bxf4 Qg4 40. Bg3 Qxf3+ 41. Qg2 1/2-1/2

[Event "Schleswig Holstein-ch Seniors"]
[Site "Leck"]
[Date "2014.04.12"]
[Round "1"]
[White "Petersen, Kay"]
[Black "Brodowski, Dirk Wilhelm"]
[Result "1-0"]
[WhiteElo "1396"]
[BlackElo "1792"]
[PlyCount "163"]
[EventDate "2014.04.12"]
[EventType "swiss"]
[EventRounds "9"]
[EventCountry "GER"]
[SourceTitle "EXT 2018"]
[Source "ChessBase"]
[SourceDate "2017.10.13"]
[SourceVersion "1"]
[SourceVersionDate "2017.10.13"]
[SourceQuality "1"]

1. c4 Nf6 2. d4 e6 3. e3 b6 4. Nf3 Bb7 5. Bd3 Be7 6. 0-0 0-0 7. Re1 d5 8. b3 Bb4 9. Bd2 Bxd2 10. Nbxd2 Ne4 11. cxd5 Nxd2 12. Nxd2 Bxd5 13. e4 Bb7 14. Nf3 Nc6 15. Bc4 Ne7 16. a4 Rc8 17. Qd3 c5 18. Rad1 Qc7 19. d5 exd5 20. exd5 Qd6 21. Re2 Ng6 22. Ng5 Qd8 23. Nh3 Qd6 24. Rde1 Rcd8 25. Rd1 Bc8 26. Re3 h6 27. Qc3 Rfe8 28. Rde1 Rxe3 29. Qxe3 Bd7 30. Qg3 Bxh3 31. gxh3 Kf8 32. Rd1 Nf4 33. Kh1 Re8 34. Qf3 Re7 35. h4 Ng6 36. h5 Ne5 37. Qg3 Nxc4 38. bxc4 Qxg3 39. hxg3 Re4 40. Rc1 Ke7 41. Kg2 Re2 42. a5 Rb2 43. axb6 Rxb6 44. Rc3 a5 45. Kf3 a4 46. Ke3 Kd6 47. f4 f5 48. Kd3 Ke7 49. Ra3 Ra6 50. Ke3 Kf6 51. Kf3 Ke7 52. g4 fxg4+ 53. Kxg4 Kf6 54. Kg3 Kf5 55. Kf3 Ra5 56. Ke3 g6 57. hxg6 Kxg6 58. Ke4 Kf6 59. f5 h5 60. d6 h4 61. d7 Ra8 62. Rxa4 Rd8 63. Ra6+ Kf7 64. Rd6 Ke7 65. Re6+ Kf8 66. Rc6 h3 67. Rc8 Ke7 68. Rxd8 Kxd8 69. Kf3 Kxd7 70. Kg3 h2 71. Kxh2 Kd6 72. Kg3 Ke5 73. Kg4 Kd4 74. f6 Kxc4 75. f7 Kb3 76. f8Q c4 77. Qf7 Kc3 78. Qf3+ Kb2 79. Qe2+ Kb3 80. Qd2 c3 81. Qc1 Kc4 82. Kf3 1-0

[Event "Schleswig Holstein-ch Veterans 63rd"]
[Site "Gross Groenau"]
[Date "2008.03.21"]
[Round "9"]
[White "Brodowski, Dirk Wilhelm"]
[Black "Harders, Werner"]
[Result "1-0"]
[WhiteElo "1553"]
[BlackElo "1395"]
[PlyCount "57"]
[EventDate "2008.03.15"]
[EventType "swiss"]
[EventRounds "9"]
[EventCountry "GER"]
[SourceTitle "EXT 2010"]
[Source "ChessBase"]
[SourceDate "2010.11.25"]
[SourceVersion "1"]
[SourceVersionDate "2010.11.25"]
[SourceQuality "1"]

1. d4 Nf6 2. c4 c6 3. Nc3 g6 4. Bf4 Bg7 5. e3 d5 6. Nf3 Bg4 7. Rc1 0-0 8. h3 Bxf3 9. Qxf3 e6 10. Bd3 dxc4 11. Bxc4 Nbd7 12. 0-0 Nb6 13. Bb3 Rc8 14. Bg5 h6 15. Bh4 g5 16. Bg3 Nfd5 17. Ne4 Qd7 18. Rfd1 f5 19. Nc5 Qe7 20. e4 f4 21. Bh2 Nc7 22. Qg4 Rce8 23. Nxb7 Nd7 24. e5 c5 25. Nd6 cxd4 26. Rxc7 h5 27. Qe2 Bxe5 28. Rxd7 Qxd7 29. Qxe5 1-0

[Event "Schleswig Holstein-ch Veterans 63rd"]
[Site "Gross Groenau"]
[Date "2008.03.20"]
[Round "8"]
[White "Guminski, Heinz"]
[Black "Brodowski, Dirk Wilhelm"]
[Result "1-0"]
[WhiteElo "1599"]
[BlackElo "1553"]
[PlyCount "63"]
[EventDate "2008.03.15"]
[EventType "swiss"]
[EventRounds "9"]
[EventCountry "GER"]
[SourceTitle "EXT 2010"]
[Source "ChessBase"]
[SourceDate "2010.11.25"]
[SourceVersion "1"]
[SourceVersionDate "2010.11.25"]
[SourceQuality "1"]

1. d4 f5 2. Nc3 Nf6 3. Nf3 e6 4. a3 b6 5. Bg5 Bb7 6. e3 a6 7. Bd3 h6 8. Bxf6 Qxf6 9. e4 f4 10. e5 Qe7 11. Bg6+ Kd8 12. h4 c5 13. d5 exd5 14. Nxd5 Qe6 15. Be4 Ra7 16. c4 g6 17. Qd3 Bg7 18. Nxf4 Qf7 19. Nd5 Rf8 20. 0-0-0 Bxd5 21. Bxd5 Qf4+ 22. Kb1 Bxe5 23. Nxe5 Qxe5 24. Qxg6 Rxf2 25. Qxb6+ Qc7 26. Qxh6 Qa5 27. Qh8+ Kc7 28. Qe5+ Kd8 29. Rhf1 Rxf1 30. Qxb8+ Ke7 31. Qe5+ Kd8 32. Rxf1 1-0

[Event "Schleswig Holstein-ch Veterans 62nd"]
[Site "Itzehoe"]
[Date "2007.04.04"]
[Round "6"]
[White "Brodowski, Dirk Wilhelm"]
[Black "Ihlenfeldt, Gerhard"]
[Result "1/2-1/2"]
[WhiteElo "1584"]
[BlackElo "1663"]
[PlyCount "67"]
[EventDate "2007.03.31"]
[EventType "swiss"]
[EventRounds "9"]
[EventCountry "GER"]
[SourceTitle "EXT 2010"]
[Source "ChessBase"]
[SourceDate "2010.11.25"]
[SourceVersion "1"]
[SourceVersionDate "2010.11.25"]
[SourceQuality "1"]

1. d4 d6 2. c4 c6 3. Nf3 Bg4 4. e3 Nf6 5. Be2 e6 6. Nc3 Be7 7. 0-0 0-0 8. Nd2 Bxe2 9. Nxe2 d5 10. b3 Qc7 11. Bb2 Nbd7 12. Rc1 Qd8 13. Nf3 Ne4 14. Qd3 Ng5 15. Nxg5 Bxg5 16. f4 Bf6 17. Rf3 dxc4 18. bxc4 g6 19. Ba3 Be7 20. Bxe7 Qxe7 21. c5 Rad8 22. Qb3 Nf6 23. Rb1 Rb8 24. Qc2 Rfd8 25. Nc1 Qc7 26. Nd3 Nd7 27. Ne5 Nxe5 28. fxe5 Rf8 29. Rf6 b6 30. Rbf1 bxc5 31. Qxc5 Rb5 32. Qc2 Qb7 33. Rc1 c5 34. Rf2 1/2-1/2

[Event "Schleswig Holstein-ch Veterans 62nd"]
[Site "Itzehoe"]
[Date "2007.04.01"]
[Round "2"]
[White "Brodowski, Dirk Wilhelm"]
[Black "Friedrichsen, Hans Hermann"]
[Result "1/2-1/2"]
[WhiteElo "1584"]
[BlackElo "1545"]
[PlyCount "28"]
[EventDate "2007.03.31"]
[EventType "swiss"]
[EventRounds "9"]
[EventCountry "GER"]
[SourceTitle "EXT 2010"]
[Source "ChessBase"]
[SourceDate "2010.11.25"]
[SourceVersion "1"]
[SourceVersionDate "2010.11.25"]
[SourceQuality "1"]

1. d4 d5 2. c4 e6 3. Nc3 Nf6 4. Bg5 Be7 5. e3 h6 6. Bh4 Nbd7 7. Nf3 0-0 8. Rc1 a6 9. Bd3 dxc4 10. Bxc4 b5 11. Bd3 Bb7 12. a3 c5 13. dxc5 Nxc5 14. Be2 Qxd1+ 1/2-1/2

[Event "Schleswig Holstein-ch Veterans 62nd"]
[Site "Itzehoe"]
[Date "2007.03.31"]
[Round "1"]
[White "Weber, Ulrich"]
[Black "Brodowski, Dirk Wilhelm"]
[Result "1/2-1/2"]
[WhiteElo "1345"]
[BlackElo "1584"]
[PlyCount "53"]
[EventDate "2007.03.31"]
[EventType "swiss"]
[EventRounds "9"]
[EventCountry "GER"]
[SourceTitle "EXT 2010"]
[Source "ChessBase"]
[SourceDate "2010.11.25"]
[SourceVersion "1"]
[SourceVersionDate "2010.11.25"]
[SourceQuality "1"]

1. Nf3 d5 2. d4 Nf6 3. c4 e6 4. Bg5 Be7 5. Nc3 c6 6. e3 h6 7. Bxf6 Bxf6 8. Be2 0-0 9. 0-0 Nd7 10. cxd5 exd5 11. Rc1 Re8 12. Qc2 Nf8 13. Bd3 Bg4 14. Be2 Bh5 15. Na4 Qc7 16. Rfd1 Nh7 17. Nc5 Rab8 18. Nd3 Bg6 19. Qd2 Re7 20. Nf4 Be4 21. Ne1 Qd6 22. Bd3 Rd8 23. Bxe4 Rxe4 24. Nf3 g6 25. Nd3 Ng5 26. Nxg5 Bxg5 27. Ne5 1/2-1/2

[Event "Schleswig Holstein-ch Veterans 60th"]
[Site "Germany"]
[Date "2005.10.12"]
[Round "3"]
[White "Brodowski, Dirk Wilhelm"]
[Black "Schuchardt, Heinz"]
[Result "0-1"]
[WhiteElo "1536"]
[BlackElo "1688"]
[PlyCount "128"]
[EventDate "2005.10.10"]
[EventType "swiss"]
[EventRounds "9"]
[EventCountry "GER"]
[SourceTitle "EXT 2010"]
[Source "ChessBase"]
[SourceDate "2010.11.25"]
[SourceVersion "1"]
[SourceVersionDate "2010.11.25"]
[SourceQuality "1"]

1. d4 d5 2. c4 e6 3. Nf3 Nf6 4. Bg5 Be7 5. e3 Nbd7 6. Nc3 0-0 7. Bd3 b6 8. cxd5 Nxd5 9. Bxe7 Qxe7 10. Rc1 c5 11. Be4 N7f6 12. Nxd5 exd5 13. Bd3 cxd4 14. Nxd4 Bg4 15. Qd2 Ne4 16. Bxe4 dxe4 17. h3 Qh4 18. Qb4 Rfe8 19. Ne2 Bxe2 20. Kxe2 Qh5+ 21. g4 Qd5 22. a3 Qd3+ 23. Ke1 Red8 24. Qc3 Qa6 25. Qc4 Qa5+ 26. Kf1 Qe5 27. Qc3 Qe6 28. Kg2 h5 29. Qc4 Qg6 30. Qc6 f6 31. Qe6+ Kh7 32. Rc7 Rd2 33. Kg3 h4+ 34. Kg2 Re8 35. Re7 Rxe7 36. Qxe7 Rxb2 37. Rd1 Rb5 38. Rd8 Re5 39. Qf8 Qh6 40. Qf7 a5 41. Rg8 f5 42. Rc8 Rc5 43. Qg8+ Kg6 44. Re8 Rc6 45. Qd5 Rf6 46. gxf5+ Kh5 47. Kf1 Qh7 48. Qxe4 g5 49. Qg4+ Kh6 50. Re6 Qg7 51. Qe4 Kh5 52. Qe5 Rf7 53. Qe4 Qa1+ 54. Kg2 Qd1 55. Qg4+ Qxg4+ 56. hxg4+ Kxg4 57. Rxb6 h3+ 58. Kg1 Rh7 59. Kh2 Kf3 60. Rg6 g4 61. f6 Rc7 62. Rg7 Rc2 63. f7 Rxf2+ 64. Kh1 Kg3 0-1